000 004900000a22001810004500
020 _a84-7228-339-9
041 0 _aSPA
082 0 4 _aG 252 C2159n
100 1 _aCanclini, Arnoldo
245 1 0 _aUn niño nos es nacido : Y otros sermones de navidad / Arnoldo Canclini
260 _aTerrassa, Barcelona, España : CLIE
300 _a94 Pag
001 6119
942 _cBK
999 _c36419
_d36419
336 _atexto
_btxt
_2rdacontent
337 _2rdamedia
_asin mediación
_bn
338 _2rdacarrier
_avolumen
_bnc